[Event "Women's Speed Chess Q1"]
[Site "chess.com INT"]
[Date "2021.05.28"]
[Round "3"]
[White "Eswaran, Aksithi"]
[Black "Obregon Garcia, Roxangel"]
[Result "0-1"]
[WhiteTitle "WCM"]
[BlackTitle "WIM"]
[WhiteElo "1745"]
[BlackElo "2167"]
[WhiteFideId "2083485"]
[BlackFideId "3520420"]
[EventDate "2021.05.28"]

1. e4 c5 2. Nf3 Nc6 3. d4 cxd4 4. Nxd4 Nf6 5. Nc3 e6 6. Be3 Bb4 7. Bd3 d5 8. O-O
e5 9. Nxc6 bxc6 10. exd5 cxd5 11. Bg5 d4 12. Ne4 Be7 13. Bxf6 gxf6 14. Qf3 Rb8
15. a4 f5 16. Bb5+ Kf8 17. Ng3 f4 18. Ne4 a6 19. Bc4 Qc7 20. Bb3 Rg8 21. Qh5 Rg7
22. Qh6 Bb7 23. Rfe1 f5 24. Nd2 Bxg2 25. Rec1 Bh3+ 26. Kh1 Qb7+ 27. f3 Bg2+ 28.
Kg1 Bxf3+ 29. Kf2 Bc6 30. Rg1 Bg2 31. Rae1 e4 32. Rxg2 e3+ 0-1

[Event "Women's Speed Chess Q1"]
[Site "chess.com INT"]
[Date "2021.05.28"]
[Round "3"]
[White "Li, Xueyi"]
[Black "Tokhirjonova, Gulrukhbegim"]
[Result "0-1"]
[WhiteTitle "WGM"]
[BlackTitle "WGM"]
[WhiteElo "2328"]
[BlackElo "2350"]
[WhiteFideId "8605912"]
[BlackFideId "14203626"]
[EventDate "2021.05.28"]

1. Nf3 d5 2. d4 Nf6 3. g3 g6 4. Bg2 Bg7 5. O-O O-O 6. c4 dxc4 7. Na3 c5 8. Nxc4
Nc6 9. dxc5 Ne4 10. Be3 Be6 11. Qc2 Bf5 12. Qc1 Qc8 13. Bh6 Nxc5 14. Bxg7 Kxg7
15. h4 Bh3 16. h5 Bxg2 17. Kxg2 Ne6 18. hxg6 hxg6 19. Rh1 Rh8 20. Qc3+ f6 21.
Qe3 Rxh1 22. Rxh1 Qd7 23. b4 b5 24. Qh6+ Kf7 25. Ne3 Rg8 26. a3 Ncd4 27. Nxd4
Nxd4 28. Re1 e5 29. Qh7+ Rg7 30. Qh8 Qe8 31. Qh3 Qc6+ 32. f3 Kg8 33. Kf2 Rh7 34.
Qg4 f5 35. Qg5 Kf7 36. Qd8 Rh2+ 0-1

[Event "Women's Speed Chess Q1"]
[Site "chess.com INT"]
[Date "2021.05.28"]
[Round "3"]
[White "Nguyen, Thi Mai Hung"]
[Black "Makhija, Aashna"]
[Result "1/2-1/2"]
[WhiteTitle "WGM"]
[BlackTitle "WIM"]
[WhiteElo "2254"]
[BlackElo "1969"]
[WhiteFideId "12401676"]
[BlackFideId "25011944"]
[EventDate "2021.05.28"]

1. d4 Nf6 2. Nf3 d5 3. g3 e6 4. Bg2 Be7 5. O-O O-O 6. c4 dxc4 7. Qc2 a6 8. a4
Bd7 9. Ne5 Bc6 10. Nxc6 Nxc6 11. e3 Na5 12. Nd2 c5 13. Nxc4 cxd4 14. Nxa5 Qxa5
15. exd4 Rac8 16. Qe2 b5 17. Bd2 Qb6 18. axb5 Qxb5 19. Qxb5 axb5 20. Rfc1 Rxc1+
21. Bxc1 Rd8 22. Be3 Nd5 23. Ra7 Bf8 24. Rb7 Nxe3 25. fxe3 b4 26. Kf2 Rc8 27.
Be4 Rc1 28. h4 g6 29. g4 Bd6 30. h5 Kg7 31. Rb6 Be7 32. Rc6 Rxc6 33. Bxc6 gxh5
34. gxh5 Kh6 35. Bf3 Kg5 36. b3 f6 37. Ke2 h6 38. Kd3 Kh4 39. e4 Kg3 40. Bd1 Kf4
41. Be2 Bf8 42. Bf1 f5 43. e5 Kg5 44. Be2 Kf4 45. Bd1 Be7 46. Be2 Kg3 47. Kd2
Kf4 48. Kd3 Kg3 49. Bd1 Kf4 50. Bc2 Kg5 51. Bd1 Kf4 1/2-1/2

[Event "Women's Speed Chess Q1"]
[Site "chess.com INT"]
[Date "2021.05.28"]
[Round "3"]
[White "Dubnikova, Anastasia"]
[Black "Petrova, Irina"]
[Result "1-0"]
[WhiteTitle "WFM"]
[BlackTitle "WIM"]
[WhiteElo "2197"]
[BlackElo "2110"]
[WhiteFideId "44153759"]
[BlackFideId "14124122"]
[EventDate "2021.05.28"]

1. Nf3 d6 2. d4 g6 3. c4 Bg7 4. Nc3 Nc6 5. b3 e5 6. dxe5 Nxe5 7. Nxe5 Bxe5 8.
Bb2 Ne7 9. Qd2 O-O 10. e3 Bf5 11. Bd3 Bxd3 12. Qxd3 Nf5 13. O-O-O a5 14. f4 Bg7
15. g4 Ne7 16. Ne4 Bxb2+ 17. Kxb2 Nc6 18. g5 f5 19. gxf6 a4 20. Qc3 axb3 21.
axb3 Qe8 22. Ng5 Nd8 23. f5 h6 24. fxg6 hxg5 25. f7+ Nxf7 26. gxf7+ Qxf7 27. Rd2
Qg7 28. Rg1 Rf5 29. Qxg7+ Kxg7 30. h4 Kg6 31. Rdg2 Kf6 32. Rxg5 Rf2+ 33. Kc3
Raa2 34. Rg6+ Ke5 35. R1g5+ Ke4 36. Re6+ Kf3 37. Rf5+ Kg2 38. Rxf2+ Kxf2 39. h5
Kf3 40. h6 Rh2 41. b4 b6 42. Kd3 Rh5 43. Rf6+ Kg4 44. Rf7 Rxh6 45. Rxc7 Kf5 46.
Rc6 Ke5 47. Rxb6 Rh1 48. Rb8 Rd1+ 49. Kc2 Ra1 50. Re8+ Kf6 51. b5 Kf7 52. Re4
Ra4 53. Kb3 Ra1 54. Kb4 Rb1+ 55. Ka5 Rb2 56. b6 Ra2+ 57. Kb5 Rb2+ 58. Kc6 Rb1
59. b7 1-0

[Event "Women's Speed Chess Q1"]
[Site "chess.com INT"]
[Date "2021.05.28"]
[Round "3"]
[White "Tarini, Goyal"]
[Black "Sedina, Elena"]
[Result "1-0"]
[WhiteTitle "WFM"]
[BlackTitle "IM"]
[WhiteElo "2164"]
[BlackElo "2291"]
[WhiteFideId "5082749"]
[BlackFideId "812153"]
[EventDate "2021.05.28"]

1. d4 d5 2. c4 c6 3. Nc3 dxc4 4. e3 b5 5. a4 b4 6. Ne4 Qd5 7. Ng3 Nf6 8. Nf3 g6
9. Ne5 Ba6 10. Qc2 c3 11. Bxa6 Nxa6 12. bxc3 Bg7 13. O-O c5 14. Qe2 Nc7 15. cxb4
cxb4 16. Bd2 a5 17. Rac1 Ne6 18. Nc6 Qd6 19. Rc4 O-O 20. Rfc1 h5 21. e4 Qd7 22.
d5 Nd8 23. h3 Nb7 24. Nxe7+ Qxe7 25. Rc7 Qe5 26. Rxb7 h4 27. Nf1 Nxd5 28. Rb5
Nf4 29. Qf3 Qb2 30. Bxf4 Rfe8 31. Rc7 1-0

[Event "Women's Speed Chess Q1"]
[Site "chess.com INT"]
[Date "2021.05.28"]
[Round "3"]
[White "Nomin-Erdene, Davaademberel"]
[Black "Swati, Mohota"]
[Result "1-0"]
[WhiteTitle "IM"]
[BlackTitle "WFM"]
[WhiteElo "2382"]
[BlackElo "2027"]
[WhiteFideId "4900782"]
[BlackFideId "5006511"]
[EventDate "2021.05.28"]

1. f4 d5 2. Nf3 Nf6 3. g3 g6 4. Bg2 Bg7 5. O-O O-O 6. d3 b6 7. c3 Bb7 8. Na3 c5
9. Qe1 Nbd7 10. Ne5 a6 11. Nxd7 Qxd7 12. Bd2 d4 13. Bxb7 Qxb7 14. Nc4 Nd5 15.
Rb1 Rad8 16. cxd4 cxd4 17. Qf2 b5 18. Na5 Qa8 19. Qf3 Ne3 20. Qxa8 Rxa8 21. Rfc1
Nd5 22. Rc5 e6 23. Rbc1 Rfd8 24. Kf2 Bf8 25. Rc6 Bb4 26. R1c2 Bxd2 27. Rxd2 Nb4
28. Rc7 Nxa2 29. Nc6 Rd6 30. Rc2 a5 31. Ne5 Rf8 32. R2c5 f6 33. Ng4 Nb4 34. Nh6+
Kh8 35. Nf7+ Rxf7 36. Rxf7 Nd5 37. Rc8+ 1-0

[Event "Women's Speed Chess Q1"]
[Site "chess.com INT"]
[Date "2021.05.28"]
[Round "3"]
[White "Antolak, Julia"]
[Black "Samaganova, Alexandra"]
[Result "0-1"]
[WhiteTitle "WIM"]
[BlackTitle "WFM"]
[WhiteElo "2306"]
[BlackElo "1993"]
[WhiteFideId "1159569"]
[BlackFideId "13800221"]
[EventDate "2021.05.28"]

1. e4 c5 2. Nf3 e6 3. d4 cxd4 4. Nxd4 a6 5. Bd3 Qc7 6. O-O Nf6 7. Qe2 d6 8. f4
Nbd7 9. c4 b6 10. Nc3 Bb7 11. b4 Rc8 12. Bb2 Be7 13. Nd5 exd5 14. exd5 O-O 15.
Nf5 Bd8 16. Nxg7 b5 17. Qf3 bxc4 18. Nh5 Kh8 19. Rac1 Qb6+ 20. Kh1 Bxd5 21. Qxd5
Qb5 22. Qf3 Rg8 23. Nxf6 Bxf6 24. Bxf6+ Nxf6 25. Be2 Qf5 26. Rf2 d5 27. Qc3 Rg7
28. Bf3 Rcg8 29. Rd1 h6 30. h3 Kh7 31. Rfd2 Qxf4 32. Re1 Qg5 33. Rde2 Nh5 0-1

[Event "Women's Speed Chess Q1"]
[Site "chess.com INT"]
[Date "2021.05.28"]
[Round "3"]
[White "Gaponenko, Inna"]
[Black "Dworakowska, Joanna"]
[Result "1-0"]
[WhiteTitle "IM"]
[BlackTitle "IM"]
[WhiteElo "2357"]
[BlackElo "2322"]
[WhiteFideId "14101181"]
[BlackFideId "1107445"]
[EventDate "2021.05.28"]

1. e4 c5 2. c3 d5 3. exd5 Nf6 4. Nf3 Nxd5 5. d4 Bg4 6. h3 Bxf3 7. Qxf3 cxd4 8.
cxd4 e6 9. Nc3 Bb4 10. Bd2 Nc6 11. Bb5 O-O 12. Bxc6 bxc6 13. O-O Rb8 14. Rad1 c5
15. dxc5 Bxc3 16. bxc3 Qc8 17. c4 Ne7 18. Bf4 Rb2 19. Bd6 Re8 20. Qa3 Rb7 21.
Rb1 Nf5 22. Rb3 Nd4 23. Rxb7 Qxb7 24. Qd3 Nf5 25. Rb1 Qc6 26. Qa3 h5 27. Qxa7
Qe4 28. Qb7 Qe2 29. a4 Nd4 30. a5 e5 31. a6 Qxc4 32. a7 Qa2 33. Bb8 Ne2+ 34. Kh1
Nf4 35. a8=Q Qxf2 36. Qf3 Qc2 37. Qab7 g5 38. Bd6 e4 39. Qg3 Ne6 40. Rf1 Nd8 41.
Qb5 Re6 42. Qxg5+ Rg6 43. Qxd8+ Kg7 44. Qf8+ Kh7 45. Rxf7+ 1-0

[Event "Women's Speed Chess Q1"]
[Site "chess.com INT"]
[Date "2021.05.28"]
[Round "3"]
[White "Arakhamia-Grant, Ketevan"]
[Black "Von Herman, Brigitte"]
[Result "0-1"]
[WhiteTitle "GM"]
[BlackTitle "WFM"]
[WhiteElo "2380"]
[BlackElo "1991"]
[WhiteFideId "13600168"]
[BlackFideId "4628730"]
[EventDate "2021.05.28"]

1. e4 e5 2. Nf3 Nc6 3. Bb5 a6 4. Ba4 Nf6 5. d3 Be7 6. c3 b5 7. Bb3 d6 8. O-O O-O
9. Nbd2 Na5 10. Bc2 c5 11. Re1 Nc6 12. Nf1 Re8 13. Ng3 h6 14. h3 Be6 15. d4 cxd4
16. cxd4 exd4 17. Nxd4 Nxd4 18. Qxd4 Rc8 19. Bb3 d5 20. e5 Bc5 21. Qf4 Nd7 22.
Be3 Nf8 23. Bxc5 Rxc5 24. Rad1 Qg5 25. Qd4 Rec8 26. Kh2 Nd7 27. f4 Qg6 28. Rf1
f5 29. exf6 Qxf6 30. Rfe1 Bf7 31. Qxf6 Nxf6 32. Re7 R8c7 33. Rde1 Kf8 34. Rxc7
Rxc7 35. Nf5 Ne4 36. Nd4 Re7 37. Rc1 Nd2 38. Rc8+ Re8 39. Rxe8+ Kxe8 40. Kg3 Kd7
41. Kf2 g6 42. Ke3 Ne4 43. Nf3 Kd6 44. Ne5 Be8 45. Kd4 Nf6 46. g4 g5 47. f5 a5 0-1

[Event "Women's Speed Chess Q1"]
[Site "chess.com INT"]
[Date "2021.05.28"]
[Round "3"]
[White "Nandhidhaa, P V"]
[Black "Perez Rodriguez, Jennifer"]
[Result "0-1"]
[WhiteTitle "WGM"]
[BlackTitle "WIM"]
[WhiteElo "2365"]
[BlackElo "2251"]
[WhiteFideId "5050847"]
[BlackFideId "3507831"]
[EventDate "2021.05.28"]

1. e4 e5 2. Nf3 Nc6 3. Nc3 Nf6 4. Bb5 Nd4 5. Bd3 d6 6. Nxd4 exd4 7. Ne2 c5 8. c3
dxc3 9. dxc3 Be7 10. O-O O-O 11. Nf4 Bd7 12. f3 Bc6 13. Bc4 b5 14. Bd5 Qb6 15.
Kh1 Rad8 16. Be3 Qb7 17. Qd2 Nxd5 18. exd5 Bd7 19. Nh5 g6 20. Ng3 Rfe8 21. Bf4
Bc8 22. b4 a5 23. a3 Bf6 24. Ne4 Bg7 25. Nxd6 Rxd6 26. Bxd6 cxb4 27. axb4 a4 28.
Bc5 Rd8 29. d6 Be6 30. Rfe1 h5 31. Rac1 h4 32. Qg5 Ra8 33. Rxe6 fxe6 34. Qxg6 h3
35. Qxe6+ Qf7 36. Qxh3 a3 37. Qg3 a2 38. Ra1 Qb3 39. Qe1 Bxc3 40. Qg3+ Bg7 41.
h3 Qb1+ 42. Kh2 Qxa1 43. d7 Qe5 44. f4 a1=Q 45. Qb3+ Kh8 46. fxe5 Bxe5+ 47. g3
Ra2+ 0-1

[Event "Women's Speed Chess Q1"]
[Site "chess.com INT"]
[Date "2021.05.28"]
[Round "3"]
[White "Avramidou, Anastasia"]
[Black "Agrest, Inna"]
[Result "1-0"]
[WhiteTitle "FM"]
[BlackTitle "WIM"]
[WhiteElo "2238"]
[BlackElo "2285"]
[WhiteFideId "4239873"]
[BlackFideId "1708830"]
[EventDate "2021.05.28"]

1. d4 Nf6 2. c4 g6 3. Nc3 Bg7 4. e4 d6 5. Bd3 O-O 6. Nge2 Nbd7 7. O-O e5 8. d5
Nc5 9. Bc2 a5 10. b3 Nh5 11. Rb1 f5 12. exf5 gxf5 13. f4 Nxf4 14. Nxf4 exf4 15.
Ne2 Ne4 16. Bxf4 Bd7 17. h3 Qe8 18. Qd3 Qg6 19. Rbe1 Rae8 20. Nd4 c5 21. dxc6
bxc6 22. Nf3 Kh8 23. Qd1 Bc8 24. Qc1 d5 25. Bd3 d4 26. Qc2 c5 27. Re2 Bb7 28.
Rfe1 Rd8 29. Ne5 Qh5 30. Nf3 Qg6 31. Bc7 Rde8 32. Bxa5 Ng3 33. Rxe8 Rxe8 34.
Rxe8+ Qxe8 35. Qf2 Ne4 36. Qe1 Qg6 37. Qe2 h6 38. Bd2 Nxd2 39. Nxd2 Kh7 40. Nf3
Kh8 41. Nd2 Kh7 42. a4 Kh8 43. a5 Kh7 44. Qf2 Be4 45. Qf1 1-0

[Event "Women's Speed Chess Q1"]
[Site "chess.com INT"]
[Date "2021.05.28"]
[Round "3"]
[White "Adam, Ernestina"]
[Black "Komiagina, Maria"]
[Result "0-1"]
[WhiteTitle "WCM"]
[BlackTitle "WIM"]
[WhiteElo "1354"]
[BlackElo "2241"]
[WhiteFideId "165883"]
[BlackFideId "4153987"]
[EventDate "2021.05.28"]

1. e4 c5 2. Nf3 Nc6 3. d4 cxd4 4. Nxd4 Nf6 5. Nc3 d6 6. f3 e5 7. Ndb5 a6 8. Na3
Be6 9. Bg5 Be7 10. Bxf6 Bxf6 11. Nd5 Bg5 12. Be2 O-O 13. c3 Ne7 14. c4 Bxd5 15.
cxd5 Qa5+ 16. Kf1 b5 17. h4 Bh6 18. Nc2 f5 19. Bd3 fxe4 20. Bxe4 Nf5 21. Kg1 Ng3
22. Rh3 Qb6+ 23. Kh2 Nh5 24. Qg1 Qd8 25. Ne3 Bf4+ 26. g3 Nxg3 27. Kg2 Ne2 28.
Qf2 Bxe3 29. Qxe2 Bf4 30. Rg1 Rc8 31. Kh1 Qf6 32. h5 Qh6 33. Qg2 Rc7 34. Qg4 Kh8
35. Bg6 Be3 36. Rf1 Rfc8 37. Rg3 Rc1 38. Rxc1 Rxc1+ 39. Kh2 Bf4 40. Qe6 Bxg3+
41. Kxg3 Qf4+ 42. Kh3 Qxf3+ 43. Kh4 Rc4+ 44. Kg5 Qf4# 0-1

[Event "Women's Speed Chess Q1"]
[Site "chess.com INT"]
[Date "2021.05.28"]
[Round "3"]
[White "Azhar, Puteri Munajjah Az-Zahraa"]
[Black "Pourkashiyan, Atousa"]
[Result "0-1"]
[WhiteTitle "WIM"]
[BlackTitle "WGM"]
[WhiteElo "2046"]
[BlackElo "2322"]
[WhiteFideId "5709040"]
[BlackFideId "12502014"]
[EventDate "2021.05.28"]

1. Nf3 d5 2. d4 Nf6 3. Bf4 Bf5 4. c3 e6 5. e3 Be7 6. Bd3 O-O 7. O-O c6 8. Qc2
Bxd3 9. Qxd3 Nbd7 10. Nbd2 Re8 11. Rfe1 h6 12. Bg3 Nh5 13. e4 Nxg3 14. hxg3 dxe4
15. Nxe4 c5 16. dxc5 Nxc5 17. Qb5 Qc7 18. Rad1 a6 19. Qe2 Red8 20. Nd4 Rd5 21.
Nxc5 Bxc5 22. Nxe6 Qc6 23. Nxc5 Qxc5 24. Rxd5 Qxd5 25. Rd1 Qxa2 26. Qc2 Re8 27.
Rd7 b5 28. Qd2 Rf8 29. Kh2 Qc4 30. Ra7 Qc6 31. Qd4 Qg6 32. Re7 Qh5+ 33. Kg1 Qg6
34. Kh2 Qc6 35. Kg1 a5 36. Re5 a4 37. Qb4 Rb8 38. Rc5 Qd7 39. Kh2 g6 40. Re5 h5
41. Re7 Qf5 42. Qd6 Rf8 43. Re2 Qg5 44. Re5 Qg4 45. Rxb5 h4 46. Rb4 hxg3+ 47.
Qxg3 Qf5 0-1

[Event "Women's Speed Chess Q1"]
[Site "chess.com INT"]
[Date "2021.05.28"]
[Round "3"]
[White "Ambartsumova, Karina"]
[Black "Koridze, Lile"]
[Result "0-1"]
[WhiteTitle "IM"]
[BlackTitle "WFM"]
[WhiteElo "2382"]
[BlackElo "2016"]
[WhiteFideId "4166299"]
[BlackFideId "13612514"]
[EventDate "2021.05.28"]

1. c4 e5 2. Nc3 Nf6 3. Nf3 Nc6 4. a3 d5 5. cxd5 Nxd5 6. Qc2 Be6 7. e4 Nb6 8. Bb5
f6 9. O-O Be7 10. d4 exd4 11. Rd1 Qc8 12. Nxd4 Bd7 13. Nxc6 bxc6 14. Be2 O-O 15.
Bf4 Be6 16. Na4 Nxa4 17. Qxa4 Qb7 18. Bc4 Bxc4 19. Qxc4+ Kh8 20. Rd2 Rfd8 21.
Rc2 c5 22. Be3 Rac8 23. f3 Rd6 24. Bxc5 Rc6 25. b4 Bxc5+ 26. bxc5 Rb8 27. Rd1 h6
28. Rcd2 Ra6 29. Rd8+ Rxd8 30. Rxd8+ Kh7 31. h4 Kg6 32. h5+ Kg5 33. Rd5+ Kh4 34.
Kh2 f5 35. g3+ Kxh5 36. Rxf5+ Kg6 37. Qf7+ Kh7 38. Re5 Qb2+ 39. Kh3 Qxe5 40. g4
Qe6 41. Qxc7 Qf6 42. Kg2 Rxa3 43. Qg3 Ra2+ 44. Kh3 Qc3 45. Qf4 Qxc5 46. e5 Qc2
47. e6 Qg2+ 48. Kh4 Qh2+ 49. Qxh2 Rxh2+ 50. Kg3 Re2 0-1

[Event "Women's Speed Chess Q1"]
[Site "chess.com INT"]
[Date "2021.05.28"]
[Round "3"]
[White "Starosta, Martyna"]
[Black "Padmini, Rout"]
[Result "0-1"]
[WhiteTitle "WCM"]
[BlackTitle "IM"]
[WhiteElo "1910"]
[BlackElo "2370"]
[WhiteFideId "21818754"]
[BlackFideId "5029295"]
[EventDate "2021.05.28"]

1. e4 c5 2. Nf3 e6 3. d4 cxd4 4. Nxd4 Nc6 5. Nc3 Qc7 6. g3 a6 7. Bg2 Nf6 8. O-O
Nxd4 9. Qxd4 Bc5 10. Bf4 d6 11. Qd2 h6 12. Rad1 e5 13. Be3 O-O 14. Kh1 Be6 15.
f4 Bc4 16. Rf3 Bb4 17. fxe5 Nxe4 18. Qd4 Bxc3 19. bxc3 d5 20. Re1 Qc6 21. Rf4
Rae8 22. Bxe4 dxe4 23. Kg1 Rd8 24. Qxe4 Bd5 25. Qf5 Be6 26. Qe4 Bd5 27. Qb4 b5
28. Bc5 Rfe8 29. Rf2 Bc4 30. Bd4 Re6 31. Qc5 Qd7 32. h4 Rg6 33. Kh2 Qg4 34. Re3
Kh7 35. Qe7 Rd7 36. Qe8 Be6 37. Kg1 Qh3 38. Rh2 Rxg3+ 39. Rxg3 Qxg3+ 40. Rg2
Qe1+ 41. Kh2 Qxh4+ 42. Kg1 Qe1+ 43. Kh2 Qh4+ 44. Kg1 Rxd4 45. cxd4 Qxd4+ 46. Kh2
Qxe5+ 47. Kg1 Qe1+ 48. Kh2 Qh4+ 49. Kg1 Qd4+ 50. Kh2 Bd5 51. Rg3 Qh4+ 52. Rh3
Qf2# 0-1

[Event "Women's Speed Chess Q1"]
[Site "chess.com INT"]
[Date "2021.05.28"]
[Round "3"]
[White "Michelle Catherina, P"]
[Black "Soumya, Swaminathan"]
[Result "0-1"]
[WhiteTitle "WIM"]
[BlackTitle "IM"]
[WhiteElo "2176"]
[BlackElo "2351"]
[WhiteFideId "5005736"]
[BlackFideId "5016193"]
[EventDate "2021.05.28"]

1. e4 c5 2. Nf3 Nc6 3. d4 cxd4 4. Nxd4 Nf6 5. Nc3 d6 6. Bg5 e6 7. Qd3 Bd7 8.
O-O-O a6 9. Qg3 Qa5 10. Nb3 Qc7 11. Be2 Rb8 12. Bf4 Ne5 13. Kb1 b5 14. a3 a5 15.
Rxd6 Bxd6 16. Qxg7 Ng6 17. Bxd6 Qxd6 18. Qxf6 b4 19. axb4 axb4 20. Nd5 Qe5 21.
Qxe5 Nxe5 22. Nf6+ Ke7 23. Nxd7 Nxd7 24. f4 Rhg8 25. g3 Rbc8 26. e5 f6 27. exf6+
Nxf6 28. Re1 Nd5 29. Bd3 Kf6 30. Nd4 Rce8 31. Bxh7 Rh8 32. Be4 Nc7 33. Nf3 Rd8
34. Bd3 Nd5 35. Bc4 Nc7 36. h4 Rh5 37. Ng5 Rd6 38. Bd3 Ke7 39. Re5 Rh8 40. Rb5
Nxb5 41. Bxb5 Rhd8 42. Bd3 Ra8 43. h5 b3 44. h6 bxc2+ 45. Bxc2 Rh8 46. h7 Rd2 0-1

[Event "Women's Speed Chess Q1"]
[Site "chess.com INT"]
[Date "2021.05.28"]
[Round "3"]
[White "Singgih, Diajeng Theresa"]
[Black "Mkrtchian, Lilit"]
[Result "0-1"]
[WhiteTitle "WFM"]
[BlackTitle "IM"]
[WhiteElo "1972"]
[BlackElo "2388"]
[WhiteFideId "7104391"]
[BlackFideId "13300601"]
[EventDate "2021.05.28"]

1. e4 e6 2. d4 d5 3. exd5 exd5 4. Nf3 Bd6 5. Bd3 c5 6. c4 cxd4 7. Nxd4 dxc4 8.
Bxc4 Ne7 9. Bb5+ Nbc6 10. O-O O-O 11. Nxc6 bxc6 12. Bd3 Nd5 13. Nc3 Nxc3 14.
bxc3 Qf6 15. Be3 Rd8 16. Bd4 Qh6 17. h3 Bxh3 18. gxh3 Qxh3 19. f4 c5 20. Qf3
Qxf3 21. Rxf3 cxd4 22. Be4 Rab8 23. cxd4 Rb2 24. a4 Bc7 25. Rc1 Bb6 26. Kf1 Bxd4
27. Rd3 Rf2+ 28. Ke1 Rxf4 29. Rxd4 Re8 30. Kd2 Kf8 31. Kd3 g6 32. Rc7 a5 33. Bd5
Rf1 34. Rxf7+ Rxf7 35. Bxf7 Kxf7 36. Rd7+ Re7 37. Rd5 Ra7 38. Ke4 Kf6 39. Kf4 h6
40. Rd6+ Kg7 41. Ke5 Re7+ 42. Kd5 h5 43. Ra6 Rf7 44. Ra8 Rf5+ 45. Ke6 Kh6 46.
Rh8+ Kg5 47. Rg8 h4 48. Rh8 Kg4 49. Rg8 g5 50. Rc8 h3 51. Rc4+ Rf4 52. Rc2 Kg3
53. Rc5 g4 54. Rxa5 h2 55. Rh5 Rxa4 0-1

[Event "Women's Speed Chess Q1"]
[Site "chess.com INT"]
[Date "2021.05.28"]
[Round "3"]
[White "Sliwicka, Alicja"]
[Black "Kazarian, Anna-Maja"]
[Result "1-0"]
[WhiteTitle "WIM"]
[BlackTitle "FM"]
[WhiteElo "2346"]
[BlackElo "2096"]
[WhiteFideId "1150677"]
[BlackFideId "1033689"]
[EventDate "2021.05.28"]

1. e4 e6 2. d4 d5 3. Nc3 Nf6 4. Bg5 dxe4 5. Nxe4 Nbd7 6. Bd3 Be7 7. Bxf6 Nxf6 8.
Ne2 c5 9. Nxc5 Bxc5 10. dxc5 Qa5+ 11. c3 Qxc5 12. O-O O-O 13. Ng3 b6 14. Ne4
Nxe4 15. Bxe4 Rb8 16. Qc2 h6 17. b4 Qc7 18. f4 Ba6 19. Rf3 Rbc8 20. f5 exf5 21.
Bxf5 Rcd8 22. Rg3 Qf4 23. Rf3 Qe5 24. Qf2 Rfe8 25. Bc2 Qg5 26. Bb3 Re2 27. Bxf7+
Kh8 28. Qg3 Qxg3 29. Rxg3 Bb7 30. Bh5 Rb2 31. Re1 Rxa2 32. h4 Bd5 33. Bg6 Bg8
34. h5 a5 35. bxa5 bxa5 36. Re7 a4 37. Be4 Ra1+ 38. Kh2 a3 39. Rgxg7 Rad1 40.
Rg6 R1d6 41. Ra7 a2 42. Rxg8+ Kxg8 43. Rxa2 Kg7 44. c4 Kf6 45. Bd5 Kg5 46. Bf3
Rd4 47. Ra5+ Kf4 48. c5 Rc4 49. c6 Ke3 50. Re5+ Kf2 51. Re2+ Kf1 52. Re6 Rc5 53.
Rxh6 Kf2 54. Rf6 Rd4 55. Kh3 1-0

[Event "Women's Speed Chess Q1"]
[Site "chess.com INT"]
[Date "2021.05.28"]
[Round "3"]
[White "Chitlange, Sakshi"]
[Black "Szente Varga, Fruzsina"]
[Result "1/2-1/2"]
[WhiteTitle "WIM"]
[BlackTitle "WFM"]
[WhiteElo "2167"]
[BlackElo "2100"]
[WhiteFideId "35002899"]
[BlackFideId "712264"]
[EventDate "2021.05.28"]

1. d4 Nf6 2. c4 g6 3. Nc3 Bg7 4. e4 d6 5. Be2 O-O 6. Bg5 c5 7. d5 e6 8. Qd2 Na6
9. Nf3 Nc7 10. O-O exd5 11. exd5 a6 12. a4 Qe8 13. Rfe1 Bf5 14. Qf4 Qd7 15. Qh4
Ng4 16. h3 Ne5 17. Nxe5 Bxe5 18. Ne4 Bxe4 19. Qxe4 Rfe8 20. Qc2 b5 21. Rad1 bxa4
22. Ra1 Rab8 23. Reb1 Kg7 24. Rxa4 h6 25. Be3 Bf6 26. b3 Rb7 27. Bd3 Reb8 28.
Bd2 Ne8 29. Bc3 Bxc3 30. Qxc3+ Nf6 31. Rxa6 Qe7 32. Ra4 Kh7 33. b4 cxb4 34.
Rbxb4 Rxb4 35. Rxb4 Rxb4 36. Qxb4 Qe5 37. g3 Qa1+ 38. Kg2 Qe5 39. h4 Ne4 40. Qe1
Nc5 41. Qxe5 dxe5 42. Be2 f5 43. Kf3 Kg7 44. Ke3 Kf6 45. f4 Nd7 46. fxe5+ Kxe5
47. Bf3 Nc5 48. g4 fxg4 49. Bxg4 g5 50. hxg5 hxg5 51. Kf3 Nd3 52. Be6 Nc5 53.
Bg8 Kf5 54. Bh7+ Ke5 55. Kg4 Kd4 56. Bg8 Kxc4 57. d6+ Kb5 58. Kxg5 Kc6 59. Kf6
Kxd6 1/2-1/2

[Event "Women's Speed Chess Q1"]
[Site "chess.com INT"]
[Date "2021.05.28"]
[Round "3"]
[White "Mohota, Nisha"]
[Black "Gu, Xiaobing"]
[Result "0-1"]
[WhiteTitle "IM"]
[BlackTitle "WGM"]
[WhiteElo "2195"]
[BlackElo "2263"]
[WhiteFideId "5004330"]
[BlackFideId "8602611"]
[EventDate "2021.05.28"]

1. b3 Nf6 2. Bb2 g6 3. Nf3 Bg7 4. g3 d6 5. d4 O-O 6. Bg2 c5 7. c4 Nc6 8. d5 Na5
9. O-O a6 10. e4 Rb8 11. Re1 b5 12. e5 Ne8 13. exd6 Nxd6 14. Bxg7 Kxg7 15. cxb5
axb5 16. Nc3 b4 17. Ne4 c4 18. Nxd6 exd6 19. bxc4 Qf6 20. Rc1 b3 21. axb3 Nxb3
22. Rb1 Bd7 23. Rxb3 Ba4 24. Rxb8 Bxd1 25. Rxf8 Bxf3 26. Rfe8 Bg4 27. h3 Bf5 28.
R8e3 Qd4 29. g4 Bc2 30. Rc1 Qd2 31. Ree1 Bb3 32. Bf1 Qf4 33. Rb1 Bc2 34. Rb2 Be4
35. Rb3 h5 36. Rbe3 Bf3 37. gxh5 gxh5 38. Ra1 h4 39. Raa3 Qg5+ 40. Kh2 Qf4+ 41.
Kg1 Be4 42. Rab3 Kh6 43. Rbc3 f5 44. Rb3 Qe5 45. Ra3 f4 46. Rab3 fxe3 47. Rxe3
Qg5+ 48. Kh2 Qf4+ 49. Kg1 Kg5 50. Rc3 Qe5 51. Re3 Qd4 52. Kh2 Bf5 53. Kg1 Qd1
54. Kg2 Bd7 55. Be2 Qd2 56. Re4 Bf5 57. Re3 Bc2 58. Re6 Bd3 0-1

[Event "Women's Speed Chess Q1"]
[Site "chess.com INT"]
[Date "2021.05.28"]
[Round "3"]
[White "Priyanka, K"]
[Black "Ovezdurdiyeva, Jemal"]
[Result "0-1"]
[WhiteTitle "WIM"]
[BlackTitle "WFM"]
[WhiteElo "2218"]
[BlackElo "2061"]
[WhiteFideId "5082986"]
[BlackFideId "14001888"]
[EventDate "2021.05.28"]

1. e4 d6 2. d4 Nf6 3. Nc3 g6 4. Be3 c6 5. f3 b5 6. Qd2 h5 7. h4 b4 8. Nce2 a5 9.
Nh3 Bxh3 10. Rxh3 Nbd7 11. a3 c5 12. e5 cxd4 13. Nxd4 dxe5 14. Nc6 Qc7 15. Bb5
Qb7 16. a4 Rc8 17. Nxe5 Bg7 18. Rd1 Rd8 19. Bg5 O-O 20. Nxd7 Nxd7 21. Bxd7 Bxb2
22. Kf2 f6 23. Be3 Rf7 24. Qd3 f5 25. Qb3 f4 26. Bxf4 Rxd7 27. Rhh1 Bd4+ 28. Kg3
e5 29. Bg5 e4 30. f4 e3 31. Qe6 Kh7 32. Rhe1 Qd5 33. Qxd5 Rxd5 34. Rd3 Rdd7 35.
Kf3 Bb6 36. Red1 Rxd3 37. Rxd3 Rc7 38. Rd6 Bc5 39. Rd5 Ba7 40. Bd8 Rb7 41. Rxa5
Rd7 42. Bg5 Bd4 43. Rb5 Rc7 44. Rxb4 Ba7 45. Rb5 Kg8 46. a5 Rxc2 47. Rb7 e2 0-1